000 00452nam a2200157 4500
001 109869
003 ES-MaACL
005 20230906184929.0
007 t|
008 061121s1955 sp r ||||1| fre d
100 1 _aOnieva, Antonio J.
_987081
245 1 3 _aLe Prado
_b: ses tableaux et leurs peintres /
_cAntonio J. Onieva.
260 _aMadrid :
_bCys,
_c1955.
300 _a358 p. 6 lám. :
_bil ;
_c16 cm.
852 _aES-MaACL
_jC-10128
_bR.37726
999 _c109869
_d109869